{"text_format":"1","workbook":"xlsx","n_sheets":10,"sheets":["1ª MEDIÇÃO","2ª MEDIÇÃO","3ª MEDIÇÃO","4ª MEDIÇÃO","5ª MEDIÇÃO","6ª MEDIÇÃO","7ª MEDIÇÃO","8ª MEDIÇÃO","9ª MEDIÇÃO","PLANILHA SINTÉTICA"],"not_rendered":{"charts":0,"images":2,"macros":1,"external_links":12,"defined_names":1440,"comments":0,"pivot_tables":0},"unopened":[],"bounds":{"document_bytes":16777216,"sheet_cells":100000,"rows_first":2000,"rows_last":500,"rows_between":2000,"halvings":0,"cell_chars":16384,"cell_head_chars":4096},"cells_cut":0,"cells_raw":0,"read":"whole","date_system":"1900"}

{"sheet":"1ª MEDIÇÃO","index":0,"n_rows":4,"n_cols":10,"rows_kept":4,"cut":false,"hidden":true,"merged":[[0,0,0,8],[1,0,1,8],[2,0,2,8]]}
["TRIBUNAL DE JUSTIÇA DE PERNAMBUCO"]
[{"$f":"#REF!","v":{"$error":"#REF!"}}]
["MEMÓRIA DE CALCULO - 1ª MEDIÇÃO"]
["ITEM","DESCRIÇÃO","QUANT.","LARG.","COMP.","ALT.","TAXA","TOTAL","UNID","MEMORIAL FOTOGRÁFICO"]

{"sheet":"2ª MEDIÇÃO","index":1,"n_rows":4,"n_cols":10,"rows_kept":4,"cut":false,"hidden":true,"merged":[[0,0,0,8],[1,0,1,8],[2,0,2,8]]}
["TRIBUNAL DE JUSTIÇA DE PERNAMBUCO"]
[{"$f":"#REF!","v":{"$error":"#REF!"}}]
["MEMÓRIA DE CALCULO - 2ª MEDIÇÃO"]
["ITEM","DESCRIÇÃO","QUANT.","LARG.","COMP.","ALT.","TAXA","TOTAL","UNID","MEMORIAL FOTOGRÁFICO"]

{"sheet":"3ª MEDIÇÃO","index":2,"n_rows":4,"n_cols":10,"rows_kept":4,"cut":false,"hidden":true,"merged":[[0,0,0,8],[1,0,1,8],[2,0,2,8]]}
["TRIBUNAL DE JUSTIÇA DE PERNAMBUCO"]
[{"$f":"#REF!","v":{"$error":"#REF!"}}]
["MEMÓRIA DE CALCULO - 3ª MEDIÇÃO"]
["ITEM","DESCRIÇÃO","QUANT.","LARG.","COMP.","ALT.","TAXA","TOTAL","UNID","MEMORIAL FOTOGRÁFICO"]

{"sheet":"4ª MEDIÇÃO","index":3,"n_rows":4,"n_cols":10,"rows_kept":4,"cut":false,"hidden":true,"merged":[[0,0,0,8],[1,0,1,8],[2,0,2,8]]}
["TRIBUNAL DE JUSTIÇA DE PERNAMBUCO"]
[{"$f":"#REF!","v":{"$error":"#REF!"}}]
["MEMÓRIA DE CALCULO - 4ª MEDIÇÃO"]
["ITEM","DESCRIÇÃO","QUANT.","LARG.","COMP.","ALT.","TAXA","TOTAL","UNID","MEMORIAL FOTOGRÁFICO"]

{"sheet":"5ª MEDIÇÃO","index":4,"n_rows":4,"n_cols":10,"rows_kept":4,"cut":false,"hidden":true,"merged":[[0,0,0,8],[1,0,1,8],[2,0,2,8]]}
["TRIBUNAL DE JUSTIÇA DE PERNAMBUCO"]
[{"$f":"#REF!","v":{"$error":"#REF!"}}]
["MEMÓRIA DE CALCULO - 5ª MEDIÇÃO"]
["ITEM","DESCRIÇÃO","QUANT.","LARG.","COMP.","ALT.","TAXA","TOTAL","UNID","MEMORIAL FOTOGRÁFICO"]

{"sheet":"6ª MEDIÇÃO","index":5,"n_rows":4,"n_cols":10,"rows_kept":4,"cut":false,"hidden":true,"merged":[[0,0,0,8],[1,0,1,8],[2,0,2,8]]}
["TRIBUNAL DE JUSTIÇA DE PERNAMBUCO"]
[{"$f":"#REF!","v":{"$error":"#REF!"}}]
["MEMÓRIA DE CALCULO - 6ª MEDIÇÃO"]
["ITEM","DESCRIÇÃO","QUANT.","LARG.","COMP.","ALT.","TAXA","TOTAL","UNID","MEMORIAL FOTOGRÁFICO"]

{"sheet":"7ª MEDIÇÃO","index":6,"n_rows":4,"n_cols":10,"rows_kept":4,"cut":false,"hidden":true,"merged":[[0,0,0,8],[1,0,1,8],[2,0,2,8]]}
["TRIBUNAL DE JUSTIÇA DE PERNAMBUCO"]
[{"$f":"#REF!","v":{"$error":"#REF!"}}]
["MEMÓRIA DE CALCULO - 7ª MEDIÇÃO"]
["ITEM","DESCRIÇÃO","QUANT.","LARG.","COMP.","ALT.","TAXA","TOTAL","UNID","MEMORIAL FOTOGRÁFICO"]

{"sheet":"8ª MEDIÇÃO","index":7,"n_rows":4,"n_cols":10,"rows_kept":4,"cut":false,"hidden":true,"merged":[[0,0,0,8],[1,0,1,8],[2,0,2,8]]}
["TRIBUNAL DE JUSTIÇA DE PERNAMBUCO"]
[{"$f":"#REF!","v":{"$error":"#REF!"}}]
["MEMÓRIA DE CALCULO - 8ª MEDIÇÃO"]
["ITEM","DESCRIÇÃO","QUANT.","LARG.","COMP.","ALT.","TAXA","TOTAL","UNID","MEMORIAL FOTOGRÁFICO"]

{"sheet":"9ª MEDIÇÃO","index":8,"n_rows":4,"n_cols":10,"rows_kept":4,"cut":false,"hidden":true,"merged":[[0,0,0,8],[1,0,1,8],[2,0,2,8]]}
["TRIBUNAL DE JUSTIÇA DE PERNAMBUCO"]
[{"$f":"#REF!","v":{"$error":"#REF!"}}]
["MEMÓRIA DE CALCULO - 9ª MEDIÇÃO"]
["ITEM","DESCRIÇÃO","QUANT.","LARG.","COMP.","ALT.","TAXA","TOTAL","UNID","MEMORIAL FOTOGRÁFICO"]

{"sheet":"PLANILHA SINTÉTICA","index":9,"n_rows":54,"n_cols":7,"rows_kept":54,"cut":false,"hidden":false,"merged":[[6,5,6,6],[0,7,0,8],[1,7,1,8],[2,7,2,8],[0,0,0,3],[0,5,0,6],[1,0,2,3],[1,5,1,6],[2,5,2,6],[53,0,53,5],[3,7,3,8],[4,7,4,8],[7,5,7,6],[7,4,8,4],[7,0,8,0],[7,2,8,2],[7,3,8,3],[7,1,8,1],[5,7,5,8],[6,7,6,8],[3,0,4,3],[3,5,3,6],[4,5,4,6],[5,0,6,3],[5,5,5,6]]}
["PODER JUDICIÁRIO",null,null,null,"Obra:","Serviços de Recuperação e Reativação da Estação de Tratamento de Efluentes - ETE - prédios do Fórum Desembargador Rodolfo Aureliano e Escola Judicial"]
["TRIBUNAL DE JUSTIÇA DE PERNAMBUCO",null,null,null,"Local:","Av. Desembargador Guerra Barreto s/nº - Ilha Joana Bezerra - Cep. 500809-00"]
[null,null,null,null,"Contrato:","158/2022 -TJPE"]
["DIRETORIA DE ENGENHARIA E ARQUITETURA",null,null,null,"Situação:","Encerrada"]
[null,null,null,null,"Contratada:","D. GAMA FILHO SERVIÇOS LTDA"]
["QUANTITATIVOS E PREÇOS CONTRATADOS",null,null,null,"Valor Total:",{"$f":"G54","v":108000.29000000001}]
[null,null,null,null,"DATA:","2022-12-20"]
["ITEM","Cód. Efisco","DESCRIÇÃO","UN","QUANT. TOTAL","TOTAL"]
[null,null,null,null,null,"P. UNIT","P. TOTAL"]
["1.0",null,"MOBILIZAÇÃO / ART / ADMINISTRAÇÃO LOCAL"]
["1.1","570104-0","Mobilização da obra  (pessoal, máquinas e equipamentos).","un",1,1615.6868906516361,{"$f":"ROUND(E11*F11,2)","v":1615.69}]
["1.2","439519-0","ART Execução de obra - responsável técnico da contratada.","un",1,278.25397706707781,278.25]
["1.3","401010-8","Administração local pelo período da Obra.","un/mês",1,12489.619731383233,12489.62]
["2.0",null,"CANTEIRO DE OBRAS",null,null,0,0]
["2.1","295382-0","Placa de obra em lona plástica  impressão digital alta resolução com acabamento em ilhós, fixação em abraçadeiras de nylon, estrutura em ferro galvanizado.","m²",4,470.8081444885205,1883.23]
["2.2","476475-7","Locação de container para uso de escritórico medido 2,3 x6,0m, alt=2,5m, com 1 sanitário, sem divisórias internas e sem mobiliário","un/mês",1,987.22236883677272,987.22]
["2.3","565249-9","Frete para entrega\\ retirada de container para obra em RECIFE  em Guindauto (Munck) modelo Argos 20.5 com capacidade para 6,0 ton a 4,0 m de raio. ","un",2,1546.2519029973548,3092.5]
["2.4","467468-5","Ligação provisória de energia. ","un",1,1259.9355718548788,1259.94]
["2.5","566694-5","Ligações provisórias de água e sanitário.","un",1,883.06567776771863,883.07]
["3.0",null,"SERVIÇOS PRELIMINARES / LOCAÇÃO DE MÁQUINAS E EQUIPAMENTOS",null,null,0,0]
["3.1","434072-8","Limpeza manual de vegetação em terreno com enxada.","m²",194.62,3.5076172914135801,682.65]
["3.2","553633-2","Aluguel de Caçamba estacionária com até 6m³ com destinação final de resíduos sólidos.","un",6,535.24104334523815,3211.45]
["3.3","461831-9","Locação de andaime metálico tubular tipo torre , com plataforma metálica, guarda corpo metálico, escada inclusive montagem e desmontagem","mxmês",10,38.774585752926932,387.75]
["4.0",null,"INSTALAÇÕES ELÉTRICAS",null,null,0,0]
["4.1","467662-9","Luminaria tipo tartaruga para area externa em aluminio, com grade, para 1 lampada, base e27, potencia maxima 40/60 w, incluindo lâmpada de LED 10w bivolt branca, formato tradicional - fornecimento e instalação.","un",1,99.686257141207648,99.69]
["5.0",null,"INSTALAÇÕES HIDROSSANITÁRIAS",null,null,0,0]
["5.1","570106-6","Valvula borboleta ´´4´´com atuador elétrico, volt.220, dupla ação. (Fornecimento e instalação)","un",2,1615.7357021164435,3231.47]
["5.2","570108-2","Compressor Soprador Radial 4 CV, 380 v -Repicky ou equivalente, incluindo filtro (Fornecimento e Instalação).\t\t","un",2,6038.8702280471061,12077.74]
["5.3","544427-6","Fornecimento e instalação de bomba submersível 2 CV - (Schneider ou equivalente), trifásica 380v.","un",2,6149.3292396644329,12298.66]
["5.4","338061-0","Chave de boia automática 15a/250v - fornecimento e instalação.","un",2,82.330170538883181,164.66]
["5.5","569269-5","Reparo e recuperação em  registro de latão 2\".","un",3,48.197371151147152,144.59]
["6.0",null,"ESGOTAMENTO E LIMPEZA DA ETE",null,null,0,0]
["6.1","254115-7","Serviço de esgotamento de fossa utilizando caminhão à vácuo, inclusive descarte em local apropriado, de acordo com a legislação vigente.","m³",28,249.52937440755005,6986.82]
["6.2","202557-4","Esgotamento manual de fossa, inclusive transporte do material com carro de mao a uma distancia maximade 30m.","m³",12.27,164.73893444921208,2021.35]
["6.3","570113-9","Serviço de limpeza utilizando caminhão com hidrojateamento ","m³",20,229.55893636806886,4591.18]
["7.0",null,"REVESTIMENTO DOS MUROS INTERNOS",null,null,0,0]
["7.1","565324-0","Chapisco aplicado em alvenarias e estruturas de concreto, com colher de PEDREIRO.  argamassa traço 1:3 com preparo em betoneira 400l. (Muros Internos)","m²",258,4.760315267403425,1228.1600000000001]
["8.0",null,"RECUPERAÇÃO / PINTURA ",null,null,0,0]
["8.1","570112-0","Recuperação de tubulações PRFV - recuperação de fibra de vidro e resina catalisadora ","m²",6,51.661361807095531,309.97000000000003]
["8.2","570309-3","Tampa em chapa xadrez de ferro galvanizado dim: 60 x 60cm, inclusive cantoneira \"L\", 2\" x 3/16\" e juntas de vedação","un",6,421.99111216198833,2531.9499999999998]
["8.3","570111-2","Pintura de acabamento com aplicação de 02 demãos de tinta esmalte poliuretano, RENNER RETHANE FLV 653, bi-componente ou similar - R1, cor VERDE FOLHA.","m²",598.4,38.174540515219917,22843.65]
["8.4","210804-6","Aplicação manual de pintura a cal (caiação) em paredes, duas demãos. (Muros Internos)","m²",258,7.8891,2035.39]
["8.5","435664-0","Pintura com esmalte sintético em esquadria de ferro, duas demãos, com raspagem e aparelhamento com zarcão. (Grades - Janelas e Portas)","m²",13.62,55.53544777434945,756.39]
["9.0",null,"PISOS",null,null,0,0]
["9.1","430576-0","Regularização Manual","m²",194.62,6.949590939905212,1352.53]
["9.2","438994-8","Aterro manual de valas com solo argilo-arenoso e compactação mecanizada. ","m³",6,110.19836048153219,661.19]
["9.3","566934-0","Execução de camada drenante com brita nº 2, inclusive o fornecimento da mesma.  ","m³",19.462000000000003,162.23259411760219,3157.37]
["10.0",null,"DIVERSOS",null,null,0,0]
["10.1","570407-3","Fornecimento e aplicação de pastilhas de cloro, GENCO ou equivalente técnico - caixa c/kit 25 unidades - 200 g.","caixa",2,588.7102316956458,1177.42]
["10.2","570132-5","Análise físico/química e bacteriológica de efluentes de esgotos (OD,DBO,DQO,Coliformes e PH) ","un",2,535.24104334523815,1070.48]
["11.0",null,"LIMPEZA DA OBRA / DESMOBILIZAÇÃO",null,null,0,0]
["11.1","431654-1 ","Limpeza Geral da Obra","m²",268,3.2558691371856039,872.57]
["11.2","314578-6","Desmobilização da obra  (pessoal, máquinas e equipamentos).","un",1,1615.6868906516361,1615.69]
["TOTAL DA OBRA:",null,null,null,null,null,{"$f":"SUM(G11:G53)","v":108000.29000000001}]